Obras del ilustrissimo, excelentissimo y venerable siervo de Dios, Don Juan de Palafox y Mendoza,... Obispo ... de Osma,... : (Record no. 161279)

MARC details
000 -LEADER
campo de control de longitud fija 01264nam a2200241 i 4500
001 - NÚMERO DE CONTROL
campo de control 161279
003 - IDENTIFICADOR DE NÚMERO DE CONTROL
campo de control ES-MaACL
005 - FECHA Y HORA DE LA ÚLTIMA TRANSACCIÓN
campo de control 20241214063029.0
008 - DATOS DE LONGITUD FIJA--INFORMACIÓN GENERAL
campo de control de longitud fija 931025s1762 sp af |||| | spa d
100 1# - ENTRADA PRINCIPAL--NOMBRE DE PERSONA
Nombre de persona Palafox y Mendoza, Juan de,
Fechas asociadas al nombre 1600-1659
9 (RLIN) 239354
245 10 - MENCIÓN DEL TÍTULO
Título Obras del ilustrissimo, excelentissimo y venerable siervo de Dios, Don Juan de Palafox y Mendoza,... Obispo ... de Osma,... :
Resto del título tomo IX, Vidas de San Juan Limosnero y Sor Margarita de la Cruz.
260 ## - PUBLICACIÓN, DISTRIBUCIÓN, ETC.
Lugar de publicación, distribución, etc. En Madrid :
Nombre del editor, distribuidor, etc. en la imprenta de Don Gabriel Ramirez...,
Fecha de publicación, distribución, etc. 1762.
300 ## - DESCRIPCIÓN FÍSICA
Extensión [14], 618 p., [1] h. de grab. :
Otras características físicas il. ;
Dimensiones Fol.
530 ## - NOTA DISPONIBLE DE FORMULARIO FÍSICO ADICIONAL
Nota de formato físico adicional disponible Disponible en formato digital.
597 ## - NOTA DE DESCRIPCIÓN FÍSICA
NOTA DE DESCRIPCIÓN FÍSICA Sign.: [ ]1, a4, b2, A-Z4, 2A-2Z4, 3A-3Z4, 4A-4H4, 4I1.
597 ## - NOTA DE DESCRIPCIÓN FÍSICA
NOTA DE DESCRIPCIÓN FÍSICA Port. con grab. calc. que representa a Sor Margarita de la Cruz.
599 ## - NOTA A LAS ILUSTRACIONES
NOTA A LAS ILUSTRACIONES Ilustraciones calc. en p. 7 "ã Palomº inv. del\pt\s et sculp." y en p. 161 "Prieto ã 1761"
600 04 - PUNTO DE ACCESO ADICIONAL DE MATERIA--NOMBRE DE PERSONA
Nombre de persona Juan Limosnero
Títulos y otros términos asociados al nombre Santo-
Subdivisión de forma Biografias.
9 (RLIN) 128382
600 04 - PUNTO DE ACCESO ADICIONAL DE MATERIA--NOMBRE DE PERSONA
Nombre de persona Margarita de la Cruz-
Subdivisión de forma Biografias.
9 (RLIN) 129485
852 4# - LOCALIZACIÓN
Ubicación ES-MaACL
Número de control de estantería R-2015
Nota libre - Enc. piel original de la época
856 4# - LOCALIZACIÓN Y ACCESO ELECTRÓNICOS
Identificador Uniforme de Recursos <a href="https://bibliotecadigital.jcyl.es/es/consulta/registro.do?id=7209">https://bibliotecadigital.jcyl.es/es/consulta/registro.do?id=7209</a>
Nota pública Biblioteca Digital de Castilla y León
Holdings
Estatus retirado Estado de pérdida Estado de daño No para préstamo Colección Biblioteca de origen Biblioteca actual Ubicación en estantería Fecha de adquisición Fuente de adquisición Total de préstamos Signatura topográfica completa Código de barras Visto por última vez Precio de reemplazo Tipo de ítem Koha
        Colección digital Biblioteca del Ateneo de Madrid Biblioteca del Ateneo de Madrid Depósito 17/01/2008     R-2015 1168929 23/02/2023 23/02/2023 Libro impreso antiguo